Efectos de un surfactante en una columna de extracción L-L /

Պահպանված է:
Մատենագիտական մանրամասներ
Հիմնական հեղինակ: Pedroza Zapata, Alvaro Rafael (autor)
Ձևաչափ: Թեզիս Գիրք
Լեզու:իսպաներեն
Հրապարակվել է: Guadalajara, México : edición de autor, 1976
Խորագրեր:
Ցուցիչներ: Ավելացրեք ցուցիչ
Չկան պիտակներ, Եղեք առաջինը, ով նշում է այս գրառումը!

MARC

LEADER 00000nam^a2200000^a^4500
001 000044441
005 20250521000000.0
009 20260310085852.379
037 |a Acervo ITESO - Biblioteca 
041 |a ESP 
090 |a IQU. 2 
100 |a Pedroza Zapata, Alvaro Rafael  |e (autor) 
245 1 0 |a Efectos de un surfactante en una columna de extracción L-L /  |c A. R. Pedroza Zapata. 
264 1 |a Guadalajara, México :  |b edición de autor,  |c 1976 
300 |a 44 p. 
336 |a texto  |b txt  |2 rdacontenido 
337 |a sin mediación  |b n  |2 rdamedio 
338 |a volumen  |b nc  |2 rdasoporte 
502 |a ITESO Tesis de Licenciatura en Ingeniería Química Administrativa 
649 |a XX 
650 |a Extracción Líquido-Líquido -  |x Tema Principal 
650 |a Operaciones Unitarias 
650 |a Ingeniería Química 
910 |a Fondo General 
920 |a Impresos - Tesis del ITESO 
930 |a Colección General 
905 |a 104 
901 |a T012000100  |b IT2  |c TSS  |i 801200  |u 20250521 
902 |a https://opac.biblio.iteso.mx/vufind/Record/000044441